El lenguaje del movimiento corporal

Uloženo v:
Podrobná bibliografie
Hlavní autor: Brikman, Lola (Autor)
Médium: Kniha
Jazyk:španělština
Vydáno: Buenos Aires Paidós 1975
Edice:Biblioteca del Educador Contemporáneo. Serie Didáctica, 6
Témata:
Tagy: Přidat tag
Žádné tagy, Buďte první, kdo vytvoří štítek k tomuto záznamu!

MARC

LEADER 00000nam a2200000 a 4500
001 UCW4597
003 CL-VaPUC
008 900605e19750000AG |||||||||||||||||spa|d
082 0 4 |a 796.41  |b BRI  |2 21 
100 0 |a Brikman, Lola  |e author  |9 309366 
245 1 3 |a El lenguaje del movimiento corporal 
300 |a 95 p 
942 |c BK 
945 |d 19900605 00:00:00 
260 |a Buenos Aires  |b Paidós  |c 1975 
650 0 |a Expresión corporal  |9 308898 
650 0 |a Educación física  |9 240893 
650 7 |a GIMNASIA  |2 CL-VaPUC  |9 307275 
650 0 |a Comunicación no verbal  |9 270761 
583 |a last modification  |c 20180502 11:03:18  |k Rodrigo Vera 
490 0 |a Biblioteca del Educador Contemporáneo. Serie Didáctica, 6 
999 |c 218277  |d 218275 
952 |0 0  |1 0  |4 0  |6 796_410000000000000_BRI_1975  |7 0  |8 P  |9 207529  |a BIBEDU  |b BIBEDU  |c BIBEDU_PB  |d 2019-11-15  |i 2753499  |o 796.41 BRI 1975  |p 2753499  |r 2024-01-25  |w 2019-11-15  |y BK  |k EDU 
952 |0 0  |1 0  |4 0  |6 796_410000000000000_BRI_1975  |7 0  |8 P  |9 207530  |a BIBEDU  |b BIBEDU  |c BIBEDU_PB  |d 2019-11-15  |i 2753502  |o 796.41 BRI 1975  |p 2753502  |r 2024-01-25  |w 2019-11-15  |y BK  |k EDU 
952 |0 0  |1 0  |4 0  |6 796_410000000000000_BRI_1975  |7 0  |8 P  |9 207531  |a BIBEDU  |b BIBEDU  |c BIBEDU_PB  |d 2019-11-15  |i 2753510  |o 796.41 BRI 1975  |p 2753510  |r 2024-01-25  |w 2019-11-15  |y BK  |k EDU